| 000 | 01369cam a2200397 a 4500 | ||
|---|---|---|---|
| 001 | ocn529295704 | ||
| 003 | OSt | ||
| 005 | 20140310182521.0 | ||
| 008 | 100223s2011 nyuaf b 001 0 eng | ||
| 010 | _a2010007596 | ||
| 020 | _a9780071663311 (alk. paper) | ||
| 020 | _a0071663312 (alk. paper) | ||
| 040 |
_aDNLM/DLC _cDLC _dBTCTA _dNLM _dYDXCP _dUKM _dC#P _dCVU |
||
| 042 | _apcc | ||
| 049 | _aCVUA | ||
| 050 |
_aRC 78.7 U4 _b.B43 2011 |
||
| 082 | 0 | 0 | _a616.07/543 |
| 096 |
_aWN208 _b.B43 2011 |
||
| 245 | 0 | 0 |
_aBedside ultrasonography in clinical medicine / _c[edited by] Alexander B. Levitov, Apostolos P. Dallas, Anthony D. Slonim. |
| 260 |
_aNew York : _bMcGraw-Hill Medical, _cc2011. |
||
| 300 |
_a316 p. : _bill.col. ; _c29 cm. _e1 DVD-ROM (4 3/4 in.) |
||
| 504 | _aIncludes bibliographical references and index. | ||
| 650 | 0 |
_aDiagnostic ultrasonic imaging. _98692 |
|
| 650 | 0 |
_aUltrasonics in medicine. _98694 |
|
| 650 | 0 |
_aPoint-of-care testing. _99345 |
|
| 650 | 1 | 2 |
_aUltrasonography _xmethods. _99346 |
| 650 | 2 | 2 |
_aPoint-of-Care Systems. _99347 |
| 700 | 1 |
_aLevitov, Alexander. _99348 |
|
| 700 | 1 |
_aDallas, Apostolos P. _q(Apostolos Paul) _99349 |
|
| 700 | 1 |
_aSlonim, Anthony D. _99350 |
|
| 910 | _a20101109/w/c;ckc | ||
| 942 |
_2lcc _cSSLC |
||
| 980 |
_a200810 _b70071 _e6926 _f63211 _g1 |
||
| 981 |
_aybp _bMFORE _d40018184382 |
||
| 999 |
_c14020 _d14020 |
||